Internal migration, centre-state grants and economic growth in the states of India: a comment on Cashin and Sahay (Record no. 36540)

000 -LEADER
fixed length control field 00549pab a2200181 454500
008 - FIXED-LENGTH DATA ELEMENTS--GENERAL INFORMATION
fixed length control field 180718b1997 xxu||||| |||| 00| 0 eng d
100 ## - MAIN ENTRY--PERSONAL NAME
Personal name Govinda Rao, M.
245 ## - TITLE STATEMENT
Title Internal migration, centre-state grants and economic growth in the states of India: a comment on Cashin and Sahay
260 ## - PUBLICATION, DISTRIBUTION, ETC.
Date of publication, distribution, etc. 1997
300 ## - PHYSICAL DESCRIPTION
Extent p.283-88
362 ## - DATES OF PUBLICATION AND/OR SEQUENTIAL DESIGNATION
Dates of publication and/or sequential designation Jun
650 ## - SUBJECT ADDED ENTRY--TOPICAL TERM
Topical term or geographic name entry element Federal aid - India
650 ## - SUBJECT ADDED ENTRY--TOPICAL TERM
Topical term or geographic name entry element Economic growth - India
650 ## - SUBJECT ADDED ENTRY--TOPICAL TERM
Topical term or geographic name entry element Economic growth
700 ## - ADDED ENTRY--PERSONAL NAME
Personal name Sen, Kunal
773 ## - HOST ITEM ENTRY
Main entry heading International Monetary Fund Staff Papers
909 ## -
-- 36540
Holdings
Withdrawn status Lost status Damaged status Not for loan Permanent Location Current Location Date acquired Serial Enumeration / chronology Barcode Date last seen Price effective from Koha item type
        Indian Institute of Public Administration Indian Institute of Public Administration 2018-07-19 Volume no: 44, Issue no: 2 AR36858 2018-07-19 2018-07-19 Articles

Powered by Koha